Movies Quiz

Random Movies or Role Quiz

5-Star Movie Characters III Quiz Stats

Quiz Updated Feb 4, 2015

Challenge
Share
Tweet
Embed
Score 0/40 Timer 08:00
1 Play Today
% Correct
Buddy the Elf
94%
Ron Burgundy
92.3%
'Dirty' Harry Callahan
90.2%
Neo
86.4%
Jeff Lebowski
85.9%
Ricky Bobby
83.9%
Gordon Gekko
80.1%
Vito Corleone
80.1%
Jake LaMotta
77.8%
Lt. Tom 'Iceman' Kazansky
71%
Jim Morrison
70.4%
John Constantine
64.6%
Josey Wales
64.5%
Doc Holliday
64%
Raymond Babbitt
63.7%
Special Agent Johnny Utah
62.1%
Frank 'The Tank' Ricard
61.6%
Travis Bickle
60.9%
Liberace
60.9%
President Andrew Shepherd
60.3%
% Correct
Rooster Cogburn
58.9%
Dorothy Michaels
58.7%
Mugatu
55.2%
Carl Bernstein
54.1%
Ted 'Theodore' Logan
54%
Benjamin Braddock
52.4%
Ratso Rizzo
51.1%
Starman
49.2%
Walt Kowalski
49.1%
Jack Byrnes
46.6%
Thomas 'Gunny' Highway
41.1%
Obadiah Stane
41%
Max Cady
39.4%
Simon Templar
37.1%
Off. Jack Traven
36.1%
Jack Colton
31%
John Holmes
30.1%
Otis 'Bad' Blake
26.5%
Nick Curran
26.2%
Philo Beddoe
19.6%

You're not logged in!

Compare scores with friends on all Sporcle quizzes.
Sign Up with Email
OR
Log In

You Might Also Like...

Show Comments

Extras

Top Quizzes Today


Score Distribution

Your Account Isn't Verified!

In order to create a playlist on Sporcle, you need to verify the email address you used during registration. Go to your Sporcle Settings to finish the process.